|
|
|
|
| LEADER |
00000cam a2200000 7i4500 |
| 001 |
0000006555 |
| 005 |
20241001.0 |
| 008 |
000209 maua eng |
| 020 |
|
|
|a 0875848818
|
| 040 |
|
|
|a INS
|b eng
|e rda
|
| 090 |
0 |
0 |
|a HD30.2
|b .H375 1988
|
| 245 |
0 |
0 |
|a Harvard business review on knowledge management
|
| 264 |
|
1 |
|a Boston, M.A. :
|b Harvard Business School Press
|c 1988
|
| 300 |
|
|
|a v, 223 pages :
|b illustrations ;
|c 21 cm.
|
| 336 |
|
|
|a text
|2 rdacontent
|
| 337 |
|
|
|a unmediated
|2 rdamedia
|
| 338 |
|
|
|a volume
|2 rdacarrier
|
| 500 |
|
|
|a Includes index
|
| 650 |
|
0 |
|a Information resources management
|
| 650 |
|
0 |
|a Knowledge management
|
| 650 |
|
0 |
|a Management information systems
|
| 999 |
|
|
|a 0000007580
|b BOOK
|c Open Shelf
|e Default branch
|
| 999 |
|
|
|a 0000009647
|b BOOK
|c Open Shelf
|e Default branch
|
| 999 |
|
|
|a 0000010552
|b BOOK
|c Open Shelf
|e Default branch
|